000 00257nam a2200109Ia 4500
008 200302s9999 xx 000 0 und d
100 _aJesse Seegers ed.
245 _aA B 2016- ABSTRACT
260 _bColmbia University press
260 _c2015
300 _a330
999 _c7303
_d7303